| 000 | 00444nam a2200157 a 4500 | ||
|---|---|---|---|
| 005 | 20140412111313.0 | ||
| 008 | 010319s19uu xx 00 eng d | ||
| 020 | _a0-86163-492-6 | ||
| 050 |
_aER _bUg1 1991 |
||
| 245 |
_aThe ugly duckling / _cillustrated by Rene Cloke. |
||
| 260 |
_aLondon : _bAward Publications Limited, _c1991. |
||
| 300 | _a1 v. (unp.) ; ill. | ||
| 650 | _aDucks - Stories | ||
| 650 | _aDucks - Fiction | ||
| 999 |
_c104093 _d104093 |
||